The first lady of Hollywood: a biography of Louella Parsons (Record no. 26339)

MARC details
000 -LEADER
fixed length control field 00604nam a2200181Ia 4500
005 - DATE AND TIME OF LATEST TRANSACTION
control field 20250620113631.0
008 - FIXED-LENGTH DATA ELEMENTS--GENERAL INFORMATION
fixed length control field 231207s9999 xx 000 0 und d
020 ## - INTERNATIONAL STANDARD BOOK NUMBER
International Standard Book Number 9780520242135
040 ## - CATALOGING SOURCE
Transcribing agency PK-LaNCA
082 ## - DEWEY DECIMAL CLASSIFICATION NUMBER
Classification number 791.4302
Item number BAR
100 ## - MAIN ENTRY--PERSONAL NAME
Author Name Barbas, Samantha
245 #4 - TITLE STATEMENT
Title The first lady of Hollywood: a biography of Louella Parsons
Statement of responsibility, etc. Samantha Barbas
260 ## - PUBLICATION, DISTRIBUTION, ETC.
Name of publisher, distributor, etc. University of California Press
Place of publication, distribution, etc. Berkeley
Date of publication, distribution, etc. 2005
300 ## - PHYSICAL DESCRIPTION
Pages vii, 417p
Other physical details ill
546 ## - LANGUAGE NOTE
Language note English
650 ## - SUBJECT ADDED ENTRY--TOPICAL TERM
Subject Parsons, Louella O. (Louella Oettinger), 1885-1973., Gossip columnists--United States--Biography
942 ## - ADDED ENTRY ELEMENTS (KOHA)
Koha item type M. Phil.
999 ## -
-- 26339
-- 26339
Holdings
Withdrawn status Weedout from Library Permanent Location Current Location Shelving location Date acquired Full call number Barcode Price effective from Koha item type
    NATIONAL COLLEGE OF ARTS, LAHORE - LIBRARY NATIONAL COLLEGE OF ARTS, LAHORE - LIBRARY M.Phil Section Basement of Library 08/12/2023 791.4302 BAR 30741 30741 08/12/2023 M. Phil.